[Event "Lansing Mini-Swiss.2"]
[Site "Lansing, MI"]
[Date "1998.??.??"]
[Round "?"]
[White "Griffin, John"]
[Black "Haddad, Wade"]
[Result "1-0"]
[WhiteElo "1605"]
[BlackElo "1605"]
[PlyCount "132"]
[EventDate "1998.??.??"]

1. d4 d5 2. c4 c6 3. Nf3 Nf6 4. g3 Bf5 5. Nc3 e6 6. Bg2 Bb4 7. O-O O-O 8. Qb3
Qe7 9. c5 Bxc3 10. bxc3 h6 11. Bf4 Qd7 12. Bd6 Re8 13. Nd2 Na6 14. Rfe1 Qc8 15.
e4 Bg6 16. c4 dxc4 17. Nxc4 Nc7 18. Bxc7 Qxc7 19. Nd6 Re7 20. a4 Rb8 21. Rac1
Ne8 22. e5 Qa5 23. Be4 Bxe4 24. Nxe4 Nc7 25. Nd6 Nd5 26. f4 b6 27. Nc4 Qb4 28.
Qxb4 Nxb4 29. Rb1 bxc5 30. dxc5 Rd7 31. Nd6 a5 32. Red1 Ra8 33. Nc4 Nd5 34. Nb6
Rda7 35. Nxa8 Rxa8 36. Rb7 Nc3 37. Rdd7 Rf8 38. Ra7 Nxa4 39. Rxa5 Nc3 40. Raa7
Ne4 41. Rdc7 Nxc5 42. Rxc6 Ne4 43. Rac7 g5 44. Rc8 gxf4 45. Rxf8+ Kxf8 46. Rc4
Ng5 47. gxf4 Nh7 48. Kg2 Kg7 49. Kf3 Nf8 50. Ke4 Ng6 51. f5 exf5+ 52. Kxf5 Ne7+
53. Kg4 Kg6 54. Ra4 h5+ 55. Kf4 Nd5+ 56. Kg3 Kf5 57. Ra7 Kxe5 58. Rxf7 Nf6 59.
Ra7 Kf5 60. Ra5+ Ke4 61. Kh4 Ng4 62. h3 Nf6 63. Kg5 Nd5 64. Kxh5 Nf4+ 65. Kg4
Nxh3 66. Kxh3 Kd4 1-0

[Event "Kalamazoo Mini-Swiss.1"]
[Site "Kalamazoo, MI"]
[Date "1998.??.??"]
[Round "?"]
[White "Griffin, John"]
[Black "Franklin, Stan"]
[Result "0-1"]
[WhiteElo "1605"]
[BlackElo "1655"]
[PlyCount "80"]
[EventDate "1998.??.??"]

1. d4 d5 2. c4 dxc4 3. Nf3 b5 4. e3 Nf6 5. b3 cxb3 6. Qxb3 c6 7. Be2 g6 8. a4
Bb7 9. axb5 Qb6 10. Ne5 e6 11. Bd2 c5 12. Ba5 Qd6 13. Bf3 Bxf3 14. Nxf3 Nbd7
15. Nbd2 Bg7 16. O-O O-O 17. Rfd1 cxd4 18. Nc4 Qb8 19. Nxd4 Nd5 20. Rac1 Nc5
21. Qa3 Ne4 22. Nc6 Qxb5 23. Nd6 Nxd6 24. Qxd6 Rfe8 25. Rb1 Qe2 26. Rd2 Qc4 27.
Ne5 Qe4 28. Rb7 Qxe5 29. Qxe5 Bxe5 30. e4 Rac8 31. f4 Nxf4 32. Rdd7 f5 33. g3
Ne2+ 34. Kg2 fxe4 35. Rxh7 Rc2 36. Kh3 Ng1+ 37. Kg4 e3 38. Rh6 Rc4+ 39. Kg5
Nf3+ 40. Kxg6 Rg4+ 0-1

[Event "Kalamazoo Mini-Swiss.1"]
[Site "Kalamazoo, MI"]
[Date "1998.??.??"]
[Round "?"]
[White "Griffin, John"]
[Black "Franklin, Stan"]
[Result "0-1"]
[WhiteElo "1605"]
[BlackElo "1695"]
[PlyCount "104"]
[EventDate "1998.??.??"]

1. d4 Nf6 2. c4 d5 3. g3 c6 4. Nf3 Bf5 5. Bg2 Bxb1 6. Qb3 Be4 7. Qxb7 Nbd7 8.
Qxc6 Rc8 9. Qa4 Rxc4 10. Qxa7 e6 11. O-O Rc7 12. Qa4 Bd6 13. Ne5 Bxg2 14. Kxg2
h6 15. Bd2 Qb8 16. Nxd7 Nxd7 17. Rfb1 O-O 18. b4 Nb6 19. Qd1 Rc4 20. e3 Rfc8
21. Rc1 Rxc1 22. Rxc1 Nc4 23. a3 Nxa3 24. Rxc8+ Qxc8 25. Qa4 Nc4 26. Bc3 Nxe3+
27. fxe3 Qxc3 28. Qe8+ Bf8 29. b5 Qxe3 30. b6 Qe2+ 31. Kh3 Qf1+ 32. Kh4 g5+ 33.
Kg4 Qf5+ 34. Kh5 Qg6+ 35. Kg4 f5+ 36. Kh3 Qxe8 37. b7 Qb8 38. g4 Qxb7 39. gxf5
exf5 40. Kg3 Qb3+ 41. Kg2 f4 42. Kf2 g4 43. Kg2 Qf3+ 44. Kg1 g3 45. hxg3 Qxg3+
46. Kh1 Qe3 47. Kh2 Bd6 48. Kg2 Qxd4 49. Kh1 h5 50. Kg2 Qe3 51. Kh1 Qh3+ 52.
Kg1 Bc5# 0-1

[Event "Michigan Open Reserve"]
[Site "Flint, MI"]
[Date "1998.??.??"]
[Round "?"]
[White "Griffin, John"]
[Black "Crane, W."]
[Result "1-0"]
[WhiteElo "1605"]
[BlackElo "1605"]
[PlyCount "55"]
[EventDate "1998.09.??"]

1. d4 Nf6 2. c4 e6 3. g3 d5 4. Bg2 b6 5. Nf3 Bb7 6. Ne5 c6 7. O-O Be7 8. b3 O-O
9. Nc3 Nbd7 10. e4 Nxe5 11. dxe5 Nd7 12. exd5 Nxe5 13. dxe6 fxe6 14. Qe2 Qd4
15. Bb2 Rf7 16. Rad1 Qg4 17. Qxe5 Raf8 18. Qe2 Qf5 19. Be4 Qh3 20. Rd3 Bc5 21.
Bg2 Qf5 22. Rf3 Qg4 23. Rxf7 Qxe2 24. Nxe2 Rxf7 25. Nd4 e5 26. Nxc6 a5 27. Nxe5
Bxf2+ 28. Rxf2 1-0

[Event "Lansing Mini-Swiss.2"]
[Site "Lansing, MI"]
[Date "1998.??.??"]
[Round "?"]
[White "Griffin, John"]
[Black "Brauker, J."]
[Result "0-1"]
[WhiteElo "1605"]
[BlackElo "1605"]
[PlyCount "159"]
[EventDate "1998.??.??"]

1. d4 Nf6 2. c4 e6 3. g3 d5 4. Bg2 c6 5. Nf3 dxc4 6. a4 Nbd7 7. Nbd2 Bb4 8. O-O
O-O 9. Nxc4 Be7 10. Qc2 Re8 11. Nfe5 Nf8 12. b3 Qxd4 13. Bb2 Qd8 14. Rfd1 Qc7
15. Nf3 Bd7 16. Be5 Qc8 17. Rab1 Ng6 18. Bxf6 gxf6 19. Nd6 Bxd6 20. Rxd6 Rd8
21. Qc3 Kg7 22. Rbd1 Qc7 23. Qd4 Nf8 24. Qg4+ Kh8 25. Qh4 Kg7 26. Nd4 Be8 27.
Qg4+ Ng6 28. Nxe6+ fxe6 29. Qxe6 Rxd6 30. Rxd6 Qf7 31. Qe3 Qe7 32. Re6 Qd7 33.
h4 Bf7 34. Re4 Re8 35. h5 Rxe4 36. Bxe4 Ne5 37. h6+ Kg8 38. Qf4 Qe7 39. Qf5 Bg6
40. Qc8+ Kf7 41. Bg2 b6 42. Qh8 Qf8 43. Qxf8+ Kxf8 44. f4 Ng4 45. Bxc6 Nxh6 46.
Kf2 Bc2 47. Bd5 Ke7 48. Ke3 Nf5+ 49. Kd2 Bb1 50. Kc1 Ne3 51. Bf3 Bf5 52. Kb2 h6
53. Kc3 Kd6 54. Kd4 Ng4 55. e4 Be6 56. b4 h5 57. Be2 a5 58. bxa5 bxa5 59. Bb5
Bf7 60. Be2 Be8 61. Bd1 Bc6 62. Bb3 Nf2 63. Bd1 Nxd1 64. e5+ fxe5+ 65. fxe5+
Ke6 66. Kd3 Bxa4 67. Ke2 Kxe5 68. Kf3 Kf5 69. g4+ hxg4+ 70. Kg3 Bd7 71. Kg2 a4
72. Kg3 a3 73. Kg2 a2 74. Kg3 a1=Q 75. Kg2 Bc6+ 76. Kg3 Qe5+ 77. Kh4 Qe1+ 78.
Kh5 Be8+ 79. Kh6 Qh4+ 80. Kg7 0-1

[Event "Michigan Open Reserve"]
[Site "Flint, MI"]
[Date "1998.??.??"]
[Round "?"]
[White "Griffin, John"]
[Black "Blaine, Roger"]
[Result "1/2-1/2"]
[WhiteElo "1605"]
[BlackElo "1700"]
[PlyCount "63"]
[EventDate "1998.09.??"]

1. d4 e6 2. c4 f5 3. g3 Bb4+ 4. Bd2 Qe7 5. Nc3 Nf6 6. a3 Bxc3 7. Bxc3 d6 8. Bg2
O-O 9. e3 e5 10. dxe5 dxe5 11. Bb4 c5 12. Bc3 e4 13. Qc2 Nc6 14. Ne2 Ne5 15.
Bxe5 Qxe5 16. Qc3 Qe7 17. O-O Be6 18. Nf4 Bf7 19. Rfd1 Rad8 20. Bf1 Rd6 21. Be2
Rfd8 22. Rxd6 Rxd6 23. Rd1 g5 24. Nd5 Nxd5 25. cxd5 Rxd5 26. Rxd5 Bxd5 27. Qf6
Qf7 28. Qxg5+ Kf8 29. Bh5 Qe6 30. Qd8+ Kg7 31. Qg5+ Kf8 32. Qd8+ 1/2-1/2

[Event "Kalamazoo Mini-Swiss.1"]
[Site "Kalamazoo, MI"]
[Date "1998.??.??"]
[Round "?"]
[White "Griffin, John"]
[Black "Beckwith, Stan"]
[Result "0-1"]
[WhiteElo "1605"]
[BlackElo "1770"]
[PlyCount "98"]
[EventDate "1998.??.??"]

1. d4 Nf6 2. c4 g6 3. Nc3 d5 4. cxd5 Nxd5 5. e4 Nxc3 6. bxc3 c5 7. Bc4 Bg7 8.
Be3 Nc6 9. Ne2 O-O 10. Rc1 Na5 11. Bd3 c4 12. Bb1 b6 13. h4 e5 14. d5 Nb7 15.
Qd2 f5 16. f4 Nd6 17. exf5 Bxf5 18. Ng3 Qd7 19. fxe5 Bxe5 20. Nxf5 Nxf5 21.
Bxf5 Rxf5 22. Kd1 Bg3 23. Kc2 Rxd5 24. Bd4 Rf8 25. Rcf1 Rdf5 26. Qe2 Rxf1 27.
Rxf1 Rxf1 28. Qxf1 Qf5+ 29. Qxf5 gxf5 30. Bf6 Kf7 31. Bg5 h5 32. Kd1 Ke6 33.
Ke2 Be5 34. Bd2 Bf6 35. g3 Be5 36. Be1 f4 37. gxf4 Bxf4 38. Kf2 Kf5 39. Kf3 Be5
40. Bd2 Bf6 41. Be1 b5 42. Kg3 Ke4 43. Bf2 a6 44. Be1 Be5+ 45. Kf2 Kd3 46. Kf3
a5 47. a4 bxa4 48. Bf2 a3 49. Bc5 a2 0-1

[Event "Kalamazoo Mini-Swiss.1"]
[Site "Kalamazoo, MI"]
[Date "1998.??.??"]
[Round "?"]
[White "Griffin, John"]
[Black "Beckwith, Stan"]
[Result "1-0"]
[WhiteElo "1605"]
[BlackElo "1725"]
[PlyCount "113"]
[EventDate "1998.??.??"]

1. d4 d5 2. c4 c6 3. g3 g6 4. Nf3 Bg7 5. cxd5 cxd5 6. Nc3 Nc6 7. Bg2 e6 8. O-O
Nge7 9. Bf4 a6 10. Rc1 b5 11. Ne5 Nxe5 12. Bxe5 Bxe5 13. dxe5 Bb7 14. e3 Rc8
15. Ne2 O-O 16. Nd4 Qb6 17. Qd2 Rc4 18. b3 Rxc1 19. Rxc1 Rc8 20. Rc2 b4 21. Qc1
Kg7 22. Bf1 Nc6 23. Nxc6 Rxc6 24. Rxc6 Bxc6 25. a4 bxa3 26. Qxa3 Bb5 27. Qb4
Qc6 28. Bxb5 Qxb5 29. Qxb5 axb5 30. Kf1 g5 31. f3 Kg6 32. g4 h5 33. h3 hxg4 34.
hxg4 f5 35. Ke2 fxg4 36. fxg4 Kf7 37. Kd3 Ke7 38. Kd4 Kd7 39. Kc5 b4 40. Kxb4
Kc6 41. Ka4 Kc5 42. Ka5 d4 43. exd4+ Kxd4 44. b4 Kxe5 45. b5 Kf4 46. b6 Kxg4
47. b7 e5 48. b8=Q e4 49. Qf8 Kg3 50. Kb4 e3 51. Qf1 g4 52. Kc3 Kh2 53. Kd3 g3
54. Qf4 Kg2 55. Kxe3 Kh1 56. Qf1+ Kh2 57. Kf3 1-0

[Event "Kalamazoo Mini-Swiss.1"]
[Site "Kalamazoo, MI"]
[Date "1998.??.??"]
[Round "?"]
[White "Griffin, John"]
[Black "Bambrough, Brian"]
[Result "0-1"]
[WhiteElo "1605"]
[BlackElo "2100"]
[PlyCount "70"]
[EventDate "1998.??.??"]

1. d4 f5 2. g3 g6 3. c4 Nf6 4. Bg2 Bg7 5. Nh3 d6 6. O-O O-O 7. Nf4 c6 8. Nc3
Na6 9. Rb1 Nc7 10. d5 c5 11. Qc2 Qe8 12. e4 Nxe4 13. Nxe4 fxe4 14. Re1 Bf5 15.
Bxe4 Bxe4 16. Rxe4 Rf5 17. Ne6 Nxe6 18. Rxe6 Qf7 19. Re2 Rf8 20. Be3 Rf3 21.
Rbe1 Be5 22. Qd2 Qf5 23. Kg2 h5 24. Qc2 Qf6 25. h4 Kh7 26. Bg5 Rxg3+ 27. fxg3
Qf3+ 28. Kg1 Qxg3+ 29. Kh1 Qh3+ 30. Kg1 Bd4+ 31. Re3 Qg3+ 32. Kh1 Bxe3 33. Qe2
Qh3+ 34. Qh2 Rf1+ 35. Rxf1 Qxf1+ 0-1

[Event "Michigan Class C"]
[Site "Grand Rapids, MI"]
[Date "1998.??.??"]
[Round "?"]
[White "Griffin, John"]
[Black "Baker, T."]
[Result "1/2-1/2"]
[WhiteElo "1605"]
[BlackElo "1605"]
[PlyCount "85"]
[EventDate "1998.01.??"]

1. d4 e6 2. c4 d5 3. Nf3 c6 4. g3 Nf6 5. Qc2 dxc4 6. a4 a5 7. Qxc4 Nbd7 8. Bg2
Bb4+ 9. Bd2 Bxd2+ 10. Nbxd2 O-O 11. O-O Qe7 12. Rfd1 e5 13. e3 exd4 14. Nxd4
Nc5 15. N4b3 Nxb3 16. Qxb3 Be6 17. Qc2 Qb4 18. Qc3 Qxc3 19. bxc3 Rfd8 20. Bf1
Nd5 21. Ne4 Bf5 22. Nc5 b6 23. e4 bxc5 24. exf5 Nxc3 25. Rdc1 Ne4 26. f3 Nd2
27. Ra3 Nxf1 28. Kxf1 Rd5 29. Rac3 Rxf5 30. Rxc5 Rxf3+ 31. Kg2 Rf6 32. Rxc6
Rxc6 33. Rxc6 h5 34. Kf3 Kf8 35. h4 Ke7 36. Rc7+ Ke6 37. Rc5 g6 38. Kf4 Kd6 39.
Rb5 Ra6 40. Kg5 Ke6 41. Kf4 f6 42. g4 hxg4 43. Kxg4 1/2-1/2

[Event "Lansing Mini-Swiss.2"]
[Site "Lansing, MI"]
[Date "1998.??.??"]
[Round "?"]
[White "Griffin, John"]
[Black "Asbury, Victor"]
[Result "0-1"]
[WhiteElo "1605"]
[BlackElo "1605"]
[PlyCount "83"]
[EventDate "1998.??.??"]

1. d4 Nf6 2. c4 c5 3. d5 b5 4. cxb5 a6 5. b6 Qxb6 6. Nc3 Bb7 7. e4 g6 8. Nf3
Bg7 9. Nd2 O-O 10. Be2 d6 11. Nc4 Qc7 12. O-O Nbd7 13. a4 Nb6 14. h3 Nfd7 15.
Na5 Nxd5 16. Nxb7 Nxc3 17. bxc3 Qxb7 18. Qc2 Rab8 19. Bd2 Qc6 20. Rab1 Rxb1 21.
Rxb1 Rb8 22. a5 Rb7 23. Bc4 e6 24. Rxb7 Qxb7 25. Qd3 Qc7 26. Bxa6 Qxa5 27. Qxd6
Nf8 28. e5 Qa1+ 29. Kh2 Qa2 30. Bb5 Qd5 31. Bc6 Bxe5+ 32. Qxe5 Qxe5+ 33. g3 Qd6
34. Be3 Qxc6 35. h4 c4 36. Bd4 Qf3 37. Kg1 Nd7 38. Be3 Ne5 39. Bd4 Nd3 40. Kh2
Ne1 41. Kh3 h5 42. Bg7 0-1

[Event "Kalamazoo Mini-Swiss.2"]
[Site "Kalamazoo, MI"]
[Date "1998.??.??"]
[Round "?"]
[White "Griffin, John"]
[Black "Amante, T."]
[Result "1/2-1/2"]
[WhiteElo "1605"]
[BlackElo "1605"]
[PlyCount "176"]
[EventDate "1998.??.??"]

1. d4 Nf6 2. c4 e6 3. Nc3 Bb4 4. Nf3 b6 5. a3 Bxc3+ 6. bxc3 Bb7 7. Qc2 Bxf3 8.
gxf3 d6 9. Bg2 Nbd7 10. e4 e5 11. O-O Nh5 12. dxe5 dxe5 13. Be3 c5 14. Rad1 Qe7
15. Bh3 Ndf6 16. Qa4+ Kf8 17. Bg5 Qe8 18. Qxe8+ Kxe8 19. Rd6 Nf4 20. Bxf4 exf4
21. e5 Ke7 22. Rfd1 Ne8 23. Rd7+ Kf8 24. e6 fxe6 25. Bxe6 Nf6 26. Rf7+ Ke8 27.
Rd6 Rd8 28. Rxd8+ Kxd8 29. Rxa7 Re8 30. Bd5 Re7 31. Ra6 Nxd5 32. cxd5 Rb7 33.
c4 Kd7 34. a4 Kd6 35. Kf1 Ke5 36. a5 bxa5 37. Rxa5 Kd4 38. Ra4 Kc3 39. d6 Kb3
40. Ra1 Kxc4 41. Rc1+ Kd5 42. Rd1+ Kc6 43. Ke2 Rd7 44. Rd3 Rxd6 45. Ra3 Rd7 46.
Ra4 Kb5 47. Rxf4 c4 48. Rh4 h6 49. Re4 Kb4 50. Re8 c3 51. Rb8+ Kc4 52. Rc8+ Kb3
53. Rb8+ Kc2 54. Ra8 Rb7 55. Rc8 Re7+ 56. Kf1 Kb2 57. Rb8+ Kc1 58. Ra8 c2 59.
Rc8 Rd7 60. Ke2 Rd2+ 61. Ke1 Rd1+ 62. Ke2 Rh1 63. Rc7 g5 64. Kd3 Rd1+ 65. Ke2
h5 66. Rc5 Rh1 67. Kd3 Kb1 68. Rxc2 Rxh2 69. Re2 Rh3 70. Ke4 Rh1 71. Kf5 Rg1
72. Kf6 h4 73. Kg6 Kc1 74. Kh5 Kd1 75. Ra2 Rg2 76. f4 gxf4 77. Kxh4 f3 78. Kh3
Ke1 79. Ra1+ Ke2 80. Ra2+ Kd1 81. Ra1+ Kc2 82. Rf1 Kd2 83. Ra1 Rxf2 84. Ra2+
Ke3 85. Ra3+ Ke2 86. Ra2+ Ke3 87. Ra3+ Kd4 88. Kg3 Rf1 1/2-1/2

[Event "Michigan Open Reserve"]
[Site "Flint, MI"]
[Date "1998.??.??"]
[Round "?"]
[White "Gregg, Ted"]
[Black "Miller, Jess"]
[Result "1-0"]
[WhiteElo "1605"]
[BlackElo "1605"]
[PlyCount "111"]
[EventDate "1998.09.??"]

1. f4 d5 2. b3 e6 3. Bb2 Nf6 4. e3 Bd6 5. Nf3 Bd7 6. Be2 c5 7. O-O Nc6 8. Ne5
Qc7 9. Nxd7 Qxd7 10. Bb5 a6 11. Bxc6 Qxc6 12. d3 Qc7 13. Nd2 O-O-O 14. Qe1 Rhg8
15. c4 Nd7 16. Nf3 h6 17. Bc3 g5 18. Ba5 b6 19. Bd2 g4 20. Nh4 Nf6 21. g3 h5
22. Rc1 Kd7 23. Bc3 Be7 24. a3 Ne8 25. Ng2 Nd6 26. cxd5 exd5 27. Be5 Qb7 28. b4
cxb4 29. axb4 Nb5 30. Rf2 f6 31. Bd4 f5 32. Rfc2 Ke8 33. Be5 Kf7 34. Nh4 Qd7
35. Rc6 Rc8 36. Rxb6 Rxc1 37. Qxc1 Bxb4 38. Rf6+ Ke7 39. Nxf5+ Kd8 40. Qc6 Qxc6
41. Rxc6 a5 42. Rb6 Rf8 43. Ng7 Kd7 44. Rxb5 Kc6 45. Rb8 Rxb8 46. Bxb8 Bc3 47.
Nf5 a4 48. Be5 Bxe5 49. fxe5 a3 50. Nd4+ Kc5 51. Nc2 a2 52. Kf2 Kb5 53. Ke2 Kc6
54. d4 Kb5 55. Kd2 Kc6 56. Kc1 1-0

[Event "Lansing Mini-Swiss.3"]
[Site "Lansing, MI"]
[Date "1998.??.??"]
[Round "?"]
[White "Gregg, Ted"]
[Black "Davidson, R."]
[Result "1/2-1/2"]
[WhiteElo "1605"]
[BlackElo "1605"]
[PlyCount "81"]
[EventDate "1998.??.??"]

1. f4 d5 2. b3 Nf6 3. e3 Bg4 4. Nf3 e6 5. Bb2 Be7 6. Be2 O-O 7. O-O c5 8. Ne5
Bxe2 9. Qxe2 Nc6 10. Nxc6 bxc6 11. d3 Qb6 12. c4 Rad8 13. Nd2 Qa5 14. Nf3 Qb4
15. Ne5 Qb7 16. Rf3 Nd7 17. Rg3 Nxe5 18. Bxe5 f6 19. Bb2 Qd7 20. Qg4 Rf7 21. h4
dxc4 22. dxc4 e5 23. f5 Qd2 24. Bc1 Qc2 25. Ba3 Rd2 26. Qf3 Qc3 27. Rc1 Qd3 28.
Qxc6 Qxf5 29. Qe8+ Bf8 30. Bxc5 Qf2+ 31. Kh2 Qf5 32. Bxf8 Rxf8 33. Qe7 g6 34.
c5 Rc2 35. Rxc2 Qxc2 36. Qxa7 Rc8 37. b4 Qc4 38. Qb7 Rf8 39. a4 Rf7 40. Qc8+
Rf8 41. Qb7 1/2-1/2

[Event "Michigan Open Reserve"]
[Site "Flint, MI"]
[Date "1998.??.??"]
[Round "?"]
[White "Gregg, Ted"]
[Black "Councell, Keith"]
[Result "0-1"]
[WhiteElo "1605"]
[BlackElo "1605"]
[PlyCount "132"]
[EventDate "1998.09.??"]

1. f4 c6 2. b3 d5 3. e3 Bf5 4. Bb2 e6 5. Nf3 Nf6 6. Be2 Bc5 7. O-O Nbd7 8. Ne5
Be4 9. Bf3 Bf5 10. Nc3 a6 11. Ne2 Qe7 12. Nd4 Bg6 13. d3 O-O 14. Nxg6 hxg6 15.
g4 Nh7 16. Qe1 f6 17. Bg2 Kf7 18. Rf3 Rh8 19. Qg3 Bd6 20. h4 Raf8 21. Raf1 Ke8
22. Qf2 f5 23. gxf5 gxf5 24. Rh3 Nhf6 25. Bf3 g6 26. Kh1 Rh6 27. Rg1 Rfh8 28.
Rg5 Qf7 29. Ne2 R8h7 30. Qh2 Be7 31. Rgg3 Ng8 32. h5 Nf8 33. hxg6 Qxg6 34. Rxh6
Rxh6 35. Rxg6 Rxh2+ 36. Kxh2 Nxg6 37. Bh5 Kf7 38. Nd4 Bf6 39. Ba3 Bxd4 40. exd4
Kf6 41. Bxg6 Kxg6 42. c4 Kh5 43. Kg3 Nh6 44. Bd6 Ng4 45. Kf3 Kh4 46. a4 Kh3 47.
b4 b5 48. axb5 axb5 49. cxd5 cxd5 50. Be5 Nh2+ 51. Kf2 Kg4 52. Ke2 Kg3 53. Bd6
Kg2 54. Be5 Nf3 55. Bf6 Ng1+ 56. Ke3 Kf1 57. Be5 Ke1 58. Bd6 Ne2 59. Be5 Nc3
60. Kf3 Kd2 61. Kg3 Na2 62. Bd6 Kxd3 63. Bc5 Kc4 64. Kh4 Nxb4 65. Kg5 Nc2 66.
Kf6 Nxd4 0-1

[Event "Michigan Open Reserve"]
[Site "Flint, MI"]
[Date "1998.??.??"]
[Round "?"]
[White "Gregg, Ted"]
[Black "Clay, C."]
[Result "1-0"]
[WhiteElo "1605"]
[BlackElo "1605"]
[PlyCount "55"]
[EventDate "1998.09.??"]

1. f4 d5 2. b3 Nf6 3. Nf3 Nc6 4. e3 Bg4 5. Bb5 e6 6. Bb2 Bc5 7. O-O O-O 8. Bxc6
bxc6 9. Qe1 Bf5 10. d3 Ng4 11. Bd4 Bxd4 12. Nxd4 Qd6 13. Nd2 c5 14. N4f3 c4 15.
h3 Nf6 16. Ne5 cxd3 17. cxd3 c5 18. Rc1 d4 19. e4 Bg6 20. Nxg6 fxg6 21. e5 Qd5
22. exf6 Rxf6 23. Ne4 Rff8 24. Rxc5 Qd8 25. Ng5 Qd6 26. Qxe6+ Qxe6 27. Nxe6
Rae8 28. Nxf8 1-0

[Event "U.S. Amateur North"]
[Site "Detroit, MI"]
[Date "1998.??.??"]
[Round "?"]
[White "Grant, Marco"]
[Black "Levadi, David"]
[Result "0-1"]
[WhiteElo "1605"]
[BlackElo "1860"]
[PlyCount "46"]
[EventDate "1998.05.??"]

{5/24} 1. e4 Nc6 2. d4 e5 3. Nf3 exd4 4. Bc4 Nf6 5. Bg5 h6 6. Bh4 g5 7. Bg3
Nxe4 8. Nxd4 Bg7 9. Nxc6 bxc6 10. c3 d5 11. Bb3 Ba6 12. f3 Nxg3 13. hxg3 Qd6
14. Kf2 Qc5+ 15. Ke1 O-O-O 16. Qc2 Rhe8+ 17. Kd1 d4 18. c4 d3 19. Qc1 Qf2 20.
Qd2 Re2 21. Qa5 Bb7 22. Re1 Rde8 23. Rxe2 Qxe2+ 0-1

[Event "U.S. Amateur North"]
[Site "Detroit, MI"]
[Date "1998.??.??"]
[Round "?"]
[White "Grant, Marco"]
[Black "Harlan, K."]
[Result "0-1"]
[WhiteElo "1605"]
[BlackElo "1725"]
[PlyCount "102"]
[EventDate "1998.05.??"]

{5/23} 1. e4 e5 2. Nf3 Nc6 3. Bb5 a6 4. Bxc6 bxc6 5. O-O d6 6. d4 exd4 7. Nxd4
Bb7 8. Re1 c5 9. Nf5 g6 10. Ng3 Bg7 11. f4 Nh6 12. Nd2 O-O 13. c4 Bd4+ 14. Kf1
f5 15. Nf3 Bg7 16. Ng5 Qd7 17. Kg1 fxe4 18. N3xe4 Nf7 19. Nxc5 Qc6 20. Nxb7
Nxg5 21. Qd5+ Qxd5 22. cxd5 Bd4+ 23. Kh1 Nf7 24. Be3 Bxb2 25. Rab1 Bf6 26. Rec1
Rfe8 27. Bg1 Re2 28. a4 Rb8 29. Ba7 Rbe8 30. Kg1 R8e4 31. a5 Rxf4 32. Rxc7 Bd4+
33. Bxd4 Rxd4 34. Rf1 Ne5 35. Nxd6 Rdd2 36. Rf4 Rxg2+ 37. Kf1 Rxh2 38. Kg1
Rhg2+ 39. Kf1 Ng4 40. Rc8+ Kg7 41. Ne8+ Kh6 42. Rxg4 Rxg4 43. d6 Ra4 44. Ke1
Raa2 45. Nf6 Rxd6 46. Ng4+ Kh5 47. Nf2 Rdd2 48. Rc5+ g5 49. Rxg5+ Kxg5 50. Ne4+
Kf4 51. Nxd2 Rxa5 0-1

[Event "U.S. Amateur North"]
[Site "Detroit, MI"]
[Date "1998.??.??"]
[Round "?"]
[White "Grant, Marco"]
[Black "Czymbor, K."]
[Result "1-0"]
[WhiteElo "1605"]
[BlackElo "1605"]
[PlyCount "55"]
[EventDate "1998.05.??"]

{5/23} 1. e4 e5 2. Nf3 d6 3. d4 Bg4 4. dxe5 Bxf3 5. Qxf3 dxe5 6. Bc4 Nf6 7. Qb3
Qd7 8. Qxb7 c5 9. Bb5 Qxb5 10. Qxb5+ Nbd7 11. O-O Be7 12. Rd1 O-O 13. Rxd7 Nxd7
14. Qxd7 Bf6 15. Be3 Rfd8 16. Qg4 h5 17. Qxh5 g6 18. Qf3 Rd7 19. Nc3 Kg7 20.
Bxc5 Rad8 21. Nd5 Be7 22. Bxe7 Rxe7 23. Qf6+ Kh6 24. Qxe7 Rb8 25. g4 Rxb2 26.
h4 Rxc2 27. Qf8+ Kh7 28. Nf6# 1-0

[Event "U.S. Amateur North"]
[Site "Detroit, MI"]
[Date "1998.??.??"]
[Round "?"]
[White "Grams, Paul"]
[Black "Failor, Michael"]
[Result "0-1"]
[WhiteElo "1700"]
[BlackElo "1605"]
[PlyCount "86"]
[EventDate "1998.05.??"]

{5/24} 1. d4 Nf6 2. c4 e5 3. dxe5 Ng4 4. Nf3 Nc6 5. e4 Ngxe5 6. Bf4 Bb4+ 7.
Nbd2 Nxf3+ 8. Qxf3 O-O 9. a3 Bc5 10. Bd3 d6 11. O-O Bd4 12. Rab1 Ne5 13. Qg3
Nxd3 14. Qxd3 Be5 15. Qg3 Re8 16. Rfd1 Qf6 17. Bxe5 Rxe5 18. f4 Re8 19. b3 Bd7
20. Re1 Qd4+ 21. Qf2 Qxf2+ 22. Kxf2 Bc6 23. Re3 Re7 24. Rbe1 Rae8 25. b4 a6 26.
g4 f6 27. Kf3 g6 28. f5 g5 29. Nb3 b6 30. Nd4 Bd7 31. b5 a5 32. Ne2 Rc8 33. a4
h6 34. Nc3 c6 35. h4 Kg7 36. hxg5 hxg5 37. Rd1 d5 38. exd5 Rxe3+ 39. Kxe3 cxb5
40. axb5 Rxc4 41. Kd3 Rxg4 42. Rf1 Rb4 43. Rb1 Bxf5+ 0-1

[Event "U.S. Amateur North"]
[Site "Detroit, MI"]
[Date "1998.??.??"]
[Round "?"]
[White "Gorham, W."]
[Black "Harlan, K."]
[Result "1-0"]
[WhiteElo "2090"]
[BlackElo "1725"]
[PlyCount "53"]
[EventDate "1998.05.??"]

{5/24} 1. d4 Nf6 2. Nf3 e6 3. g3 d5 4. Bg2 Bd6 5. c4 c6 6. b3 Nbd7 7. Bb2 Qe7
8. cxd5 exd5 9. O-O Ne4 10. Nbd2 Ndf6 11. Ne5 Bf5 12. f3 Nxd2 13. Qxd2 Nd7 14.
e4 Be6 15. Nxd7 Qxd7 16. f4 dxe4 17. Bxe4 O-O 18. f5 Bd5 19. Bxd5 cxd5 20. f6
Qg4 21. fxg7 Rfe8 22. Rf2 Re4 23. Raf1 Rae8 24. Rxf7 Re2 25. Qh6 Qc8 26. Qxd6
Rxb2 27. Rf8+ 1-0

[Event "U.S. Amateur North"]
[Site "Detroit, MI"]
[Date "1998.??.??"]
[Round "?"]
[White "Gorham, B."]
[Black "Bezrutch, B."]
[Result "1-0"]
[WhiteElo "2090"]
[BlackElo "1605"]
[PlyCount "73"]
[EventDate "1998.05.??"]

{5/23} 1. d4 d5 2. Nf3 Nf6 3. Bg5 e6 4. Nbd2 Be7 5. e3 O-O 6. Bd3 Ng4 7. Bxe7
Qxe7 8. h3 Nh6 9. c3 Nc6 10. Ne5 Nxe5 11. dxe5 f5 12. Qe2 c5 13. f4 Qh4+ 14.
Qf2 Qxf2+ 15. Kxf2 Bd7 16. Rag1 Rad8 17. g4 d4 18. cxd4 cxd4 19. Bc4 dxe3+ 20.
Kxe3 Kf7 21. Nf3 Ke7 22. Nd4 Rc8 23. Bb3 g6 24. g5 Nf7 25. Rh2 Nd8 26. Rd1 Nc6
27. Nb5 Nxe5 28. Nd6 Nc6 29. Rhd2 e5 30. Nxb7 Be8 31. fxe5 Nxe5 32. Kf4 Rc7 33.
Re2 Rh8 34. Rxe5+ Kf8 35. Rxe8+ Kxe8 36. Rd8+ Ke7 37. Rxh8 1-0

[Event "U.S. Amateur North"]
[Site "Detroit, MI"]
[Date "1998.??.??"]
[Round "?"]
[White "Gentry, Loyd"]
[Black "Whitaker, Deshontae"]
[Result "1-0"]
[WhiteElo "1755"]
[BlackElo "1605"]
[PlyCount "54"]
[EventDate "1998.05.??"]

{5/23} 1. e4 e5 2. Nf3 Nc6 3. Bc4 a6 4. O-O b5 5. Bd5 Nf6 6. Re1 Bd6 7. d4 Nxd5
8. exd5 Ne7 9. dxe5 Bc5 10. Bg5 O-O 11. d6 cxd6 12. exd6 Qb6 13. dxe7 Bxf2+ 14.
Kh1 Re8 15. Rf1 Bb7 16. Qe2 Bd4 17. c3 Bf6 18. Bxf6 Qxf6 19. Nbd2 Rxe7 20. Qd3
Rae8 21. Nd4 Qg5 22. N2f3 Bxf3 23. Qxf3 g6 24. Rad1 f6 25. h3 Kg7 26. Rf2 Qh4
27. Rdf1 f5 {[Remainder illegible]} 1-0

[Event "U.S. Amateur North"]
[Site "Detroit, MI"]
[Date "1998.??.??"]
[Round "?"]
[White "Gentry, Loyd"]
[Black "Scioly, Tony"]
[Result "1-0"]
[WhiteElo "1755"]
[BlackElo "1605"]
[PlyCount "47"]
[EventDate "1998.05.??"]

{5/24} 1. e4 c5 2. Nf3 d6 3. a3 Nc6 4. Nc3 Nf6 5. Bc4 e6 6. O-O Be7 7. Re1 O-O
8. d4 cxd4 9. Nxd4 Bd7 10. Ndb5 a6 11. Nxd6 Qc7 12. Bf4 e5 13. Nxf7 Rxf7 14.
Bg5 Raf8 15. Bxf6 Bxf6 16. Nd5 Qd8 17. Nxf6+ Qxf6 18. Qxd7 Qxf2+ 19. Kh1 Kh8
20. Bxf7 Rxf7 21. Qc8+ Rf8 22. Qxb7 Nd4 23. Qxa6 Nf3 24. Rf1 1-0

[Event "U.S. Amateur North"]
[Site "Detroit, MI"]
[Date "1998.??.??"]
[Round "?"]
[White "Gentry, Bronson"]
[Black "Ohlemacher, Scott"]
[Result "1-0"]
[WhiteElo "1735"]
[BlackElo "1605"]
[PlyCount "41"]
[EventDate "1998.05.??"]

{5/23} 1. e4 c5 2. Nf3 d6 3. Bc4 Nc6 4. a3 Nf6 5. d3 g6 6. O-O Bg7 7. Nc3 a6 8.
Ng5 Ne5 9. Ba2 O-O 10. f4 Neg4 11. h3 Nh6 12. Qe1 Nd7 13. Qh4 b5 14. f5 Ne5 15.
Nd5 Bb7 16. f6 exf6 17. Nxf6+ Kh8 18. Ngxh7 Qe7 19. Bxh6 Bxf6 20. Nxf6 Rfe8 21.
Bf8# 1-0

[Event "U.S. Amateur North"]
[Site "Detroit, MI"]
[Date "1998.??.??"]
[Round "?"]
[White "Gentry, Bronson"]
[Black "Dolin, Jack"]
[Result "1-0"]
[WhiteElo "1735"]
[BlackElo "1605"]
[PlyCount "73"]
[EventDate "1998.05.??"]

{5/24} 1. e4 e6 2. d4 d5 3. e5 Ne7 4. Bd3 Ng6 5. c3 c5 6. a3 Nc6 7. Nf3 Qb6 8.
O-O cxd4 9. cxd4 Bd7 10. Bc2 Be7 11. Nc3 O-O 12. Rb1 Rac8 13. Qd3 f6 14. Nh4
Be8 15. Nf3 fxe5 16. dxe5 a6 17. Ne2 Qc7 18. Ned4 Nxd4 19. Nxd4 Qxe5 20. Bd2
Bb5 21. Nxb5 axb5 22. Bc3 Qf5 23. Qd4 Qf6 24. Qb6 Bc5 25. Qxb7 Bxf2+ 26. Kh1
Qe7 27. Qxb5 d4 28. Bb4 Qc7 29. Bxf8 Qxc2 30. Bd6 d3 31. Qd7 d2 32. Qxe6+ Kh8
33. Qe2 Qxb1 34. Rxb1 Rc1+ 35. Qd1 Be1 36. Rxc1 dxc1=Q 37. Qxc1 1-0